000 01126cam a2200277 a 4500
999 _c18459
_d18459
001 2156866
005 20161220142401.0
008 990122s1999 ohua b 001 0 eng
010 _a 99019159
020 _a0814208223 (cloth : alk. paper)
040 _aDLC
_cDLC
_dDLC
050 0 0 _aNK3610
_b.K46 1999
100 1 _aKendrick, Laura.
245 1 0 _aAnimating the letter :
_bthe figurative embodiment of writing from late antiquity to the Renaissance /
_cLaura Kendrick.
260 _aColumbus, Ohio :
_bOhio State University Press,
_cc1999.
300 _aix, 326 p.:
_bill. ;
_c24 cm.
504 _aIncludes bibliographical references (p. 227-309) and indexes.
650 0 _aInitials.
650 0 _aIllumination of books and manuscripts, Medieval.
942 _2lcc
_cBOOKS
_hNK3610 .K46 1999